• 首页
  • 本馆介绍
  • 公告通知
  • 最新文献
  • 馆藏检索
  • 电子资源
  • 读者导购
  • 参考咨询
  • 我的图书馆
  • 登录
  • 详细信息显示
  • 放入我的书架
  • 预约/预借图书
  • 作者相关作品
  • 分类相关作品
  • 丛书相关作品
  • 出版社相关作品

书目信息

  • 表格格式
  • 工作单格式
  • 卡片格式
题名:
暗战CorelDRAW工业设计案例精析
    
 
作者: ;创锐广告设计公司 编著
分册:  
出版信息: 北京   中国铁道出版社  2009
页数: 362页
开本: 26cm
丛书名:
单 册:
中图分类: TB472-39
科图分类:
主题词: 工业产品--计算机辅助设计--图形软件 , 工业产品 , 计算机辅助设计 , 图形软件
电子资源:
ISBN: 978-7-113-09467-6
000 01100nam0 2200313 450
001 100428556782
005 20110225082705.70
010    @a978-7-113-09467-6@dCNY65.00
035    @a004074370
100    @a20090302d2009 em y0chiy0110 ea
101 0  @achi
102    @aCN@b110000
105    @aa z 000yy
106    @ar
200 1  @a暗战CorelDRAW工业设计案例精析@9an zhan CorelDRAW gong ye she ji an li jing xi@f创锐设计编著
210    @a北京@c中国铁道出版社@d2009
215    @a362页@c彩图@d26cm@e1光盘
300    @a暗战CorelDRAW设计案例精析
307    @a附光盘:ISBN 978-7-89459-008-4
330    @a本书针对CorelDRAW在工业产品造型设计上的应用进行讲解。全书共分10章,包括行业知识介绍,概念车、数码摄像机、太阳镜、MP3、座椅、手机和汽车等产品的绘制。
606 0  @a工业产品@x计算机辅助设计@x图形软件
606 0  @a工业产品
606 0  @a计算机辅助设计
606 0  @a图形软件
610 0  @aCorelDRAW
690    @aTB472-39@v4
711 02 @a创锐广告设计公司@9chuang rui guang gao she ji gong si@4编著
801  0 @aCN@bNLC@c20110225
905    @b205991667-701@h599166-70@dTB472-39@e214@f5
    
    暗战CorelDRAW工业设计案例精析/创锐设计编著.-北京:中国铁道出版社,2009
    362页:彩图;26cm+1光盘
    暗战CorelDRAW设计案例精析
    
    ISBN 978-7-113-09467-6:CNY65.00
    本书针对CorelDRAW在工业产品造型设计上的应用进行讲解。全书共分10章,包括行业知识介绍,概念车、数码摄像机、太阳镜、MP3、座椅、手机和汽车等产品的绘制。
●
相关链接 在E读中查询图书 在五车中查询图书 在当当中查询图书 在豆瓣中查询图书


正题名:暗战CorelDRAW工业设计案例精析     索取号:TB472-39/214         预约/预借

序号 登录号 条形码 馆藏地/架位号 状态 备注
1 599166   205991667   第二样本阅览室/ [索取号:TB472-39/214] 在馆    
2 599167   205991676   计算机科学系资料室/ [索取号:TB472-39/214] 在馆    
3 599168   205991685   第三借阅区/ [索取号:TB472-39/214] 在馆    
4 599169   205991694   第三借阅区/ [索取号:TB472-39/214] 在馆    
5 599170   205991701   第三借阅区/ [索取号:TB472-39/214] 在馆    
唐山师范学院图书馆 欢迎您!
大连网信软件有限公司© 版权所有